| 000 | 00560nam a2200217Ia 4500 | ||
|---|---|---|---|
| 003 | OSt | ||
| 005 | 20220918200016.0 | ||
| 006 | a|||||r|||| 00| 0 | ||
| 007 | ta | ||
| 008 | 220917b |||||||| |||| 00| 0 eng d | ||
| 024 | _a87,186 | ||
| 037 | _cTextual | ||
| 040 |
_aARTS _cARTS _beng |
||
| 041 |
_2eng _aeng |
||
| 082 | _aUn2, N63, M1 | ||
| 245 | 0 | _aPress and advertisers yearbook, 1981 | |
| 260 |
_aNew Delhi _bINFA _c1981 |
||
| 650 |
_aGEOGRAPHY; YEARBOOKS _992424 |
||
| 942 |
_hUn2, N63, M1 _cTEXL _2CC |
||
| 999 |
_c210881 _d210881 |
||